|
|
|
|
| LEADER |
00000nam0a2200000 4500 |
| 001 |
256984 |
| 005 |
20250211063206.0 |
| 035 |
|
|
|a (RuTPU)RU\TPU\book\279741
|
| 090 |
|
|
|a 256984
|
| 100 |
|
|
|a 20140412d1987 k||a0rusy5003 ca
|
| 101 |
0 |
|
|a rus
|
| 102 |
|
|
|a RU
|
| 105 |
|
|
|a a z 001zy
|
| 200 |
1 |
|
|a Анализ и синтез радиотехнических систем и устройств
|e сборник научных трудов
|f Московский энергетический институт ; под ред. Ю. П. Борисова
|
| 210 |
|
|
|a Москва
|c Изд-во МЭИ
|d 1987
|
| 215 |
|
|
|a 116 с.
|c ил.
|
| 225 |
1 |
|
|a Научные труды [МЭИ]
|x 0234-9124
|v № 129
|
| 320 |
|
|
|a Библиогр. в конце ст.
|
| 500 |
1 |
0 |
|a Труды Московского энергетического института
|9 88841
|
| 606 |
1 |
|
|a Радиотехнические системы
|2 stltpush
|3 (RuTPU)RU\TPU\subj\23232
|9 47863
|
| 610 |
1 |
|
|a анализ
|
| 610 |
1 |
|
|a радиотехнические устройства
|
| 610 |
1 |
|
|a синтез
|
| 610 |
1 |
|
|a проектирование
|
| 610 |
1 |
|
|a передача информации
|
| 610 |
1 |
|
|a цифровая обработка
|
| 675 |
|
|
|a 621.37-02
|
| 702 |
|
1 |
|a Борисов
|b Ю. П.
|4 340
|
| 712 |
0 |
2 |
|a Московский энергетический институт (МЭИ)
|c (1930-1992)
|3 (RuTPU)RU\TPU\col\20092
|
| 801 |
|
0 |
|a RU
|b RuMRKP
|c 19950417
|g psbo
|
| 801 |
|
1 |
|a RU
|b 63413507
|c 20140412
|
| 801 |
|
2 |
|a RU
|b 63413507
|c 20170503
|g RCR
|
| 942 |
|
|
|c BK
|